00481nam a2200193 a 4500001001300000003000900013005001700022008004100039020001000080082001600090100001900106245003600125260003600161300000900197500003500206505001000241650001700251700001900268nice12345678IN_TiNIC20260116012935.0050524s1990 jama grp 000 0 eng  ac25000a297.4bKHA7 aKhatoon, Zohra aMuslim Saints and Their Shrines aJammubJay Kay Book Housec1990 a109p aincludes index and biblioraphy2 aIndex aShrine-Islam1 aKhatoon, Zohra